000 002290000a22000970004500
100 1 _aGrillo, Andrés
245 1 0 _aEl sida llegó al hogar
300 _aVol. 78, Núm 78 (1994), Páginas 38-44
773 0 _tCambio 16
942 _cANA
999 _c58700
_d58700